Una familia y un océano de por medio : la emigración gallega a la Argentina : una historia a través de la memoria epistolar /
Spremljeno u:
| Glavni autor: | |
|---|---|
| Format: | Elektronički e-knjiga |
| Jezik: | španjolski |
| Izdano: |
Rubí, Barcelona : La Coruña :
Anthropos Editorial ; Deputación da Coruña,
2010.
|
| Izdanje: | 1. ed. |
| Serija: | Libros de la Revista anthropos
|
| Teme: | |
| Online pristup: | Digitalia Hispánica |
| Oznake: |
Dodaj oznaku
Bez oznaka, Budi prvi tko označuje ovaj zapis!
|
MARC
| LEADER | 00000nam a2200000Ii 4500 | ||
|---|---|---|---|
| 001 | DIGANT0177 | ||
| 003 | NyNyDIG | ||
| 006 | m o d | ||
| 007 | cr ||||||||||| | ||
| 008 | 120901s2010 sp a ob s000 0 spa d | ||
| 020 | |z 9788476589694 | ||
| 020 | |z 8476589697 | ||
| 035 | |a (OCoLC)888253746 | ||
| 040 | |a DGITA |b eng |e pn |c DGITA | ||
| 043 | |a e-sp--- |a s-ag--- | ||
| 050 | 1 | 4 | |a F3021.G2 eBook |
| 100 | 1 | |a Da Orden, María Liliana. | |
| 245 | 1 | 4 | |a Una familia y un océano de por medio : |b la emigración gallega a la Argentina : una historia a través de la memoria epistolar / |c María Liliana Da Orden. |
| 250 | |a 1. ed. | ||
| 264 | 1 | |a Rubí, Barcelona : |b Anthropos Editorial ; |a La Coruña : |b Deputación da Coruña, |c 2010. | |
| 300 | |a 1 online resource (173 pages) : |b ill. | ||
| 336 | |a text |b txt |2 rdacontent | ||
| 337 | |a computer |b c |2 rdamedia | ||
| 338 | |a online resource |b cr |2 rdacarrier | ||
| 490 | 1 | |a Libros de la Revista anthropos | |
| 504 | |a Includes bibliographical references (p. 163-172). | ||
| 650 | 0 | |a Galicians (Spain) |z Argentina |x History. | |
| 651 | 0 | |a Argentina |x Emigration and immigration |x History. | |
| 651 | 0 | |a Galicia (Spain : Region) |x Emigration and immigration |x History. | |
| 650 | 0 | |a Galicians (Spain) |z Argentina |v Correspondence. | |
| 655 | 0 | |a Electronic books. | |
| 791 | 2 | |a Digitalia (Firm), |e distributor. | |
| 830 | 0 | |a Libros de la Revista anthropos | |
| 793 | 0 | |g Digitalia eBook Collection: |a Anthropos | |
| 856 | 4 | 0 | |3 Digitalia Hispánica |u https://digitalia.unach.elogim.com/a/15609/ |
| 910 | |a Premium Collection: 2007-2012 | ||